MAHARASHTRA DISCIPLINE & APPEAL HOUSE (Record no. 32400)
[ view plain ]
| 000 -LEADER | |
|---|---|
| fixed length control field | 00262nam a2200121Ia 4500 |
| 100 ## - MAIN ENTRY--PERSONAL NAME | |
| Personal name | DEOPUJARI/U.P. |
| 245 ## - TITLE STATEMENT | |
| Title | MAHARASHTRA DISCIPLINE & APPEAL HOUSE |
| 260 ## - PUBLICATION, DISTRIBUTION, ETC. | |
| Name of publisher, distributor, etc. | Nagpur Law House |
| Place of publication, distribution, etc. | Nagpur |
| 300 ## - PHYSICAL DESCRIPTION | |
| Extent | 58 |
| 546 ## - LANGUAGE NOTE | |
| Language note | ENGLISH |
| 942 ## - ADDED ENTRY ELEMENTS (KOHA) | |
| Koha item type | BOOK |
| Withdrawn status | Lost status | Damaged status | Not for loan | Collection | Home library | Current library | Shelving location | Date acquired | Source of acquisition | Inventory number | Total Checkouts | Full call number | Barcode | Date last seen | Price effective from | Koha item type |
|---|---|---|---|---|---|---|---|---|---|---|---|---|---|---|---|---|
| ITI | Fr. Agnel's C.Rodrigues College of Engineering | Fr. Agnel's C.Rodrigues College of Engineering | 17/03/2023 | SUNDERDAS GIANCHAND. | 12356/DT.20/06/2005 | ITI679 | 17/03/2023 | BOOK |